Every european countries looks least similar to european country - Statistics

General Stats
  • This quiz has been taken 83 times
    81 since last reset
  • The average score is 26 of 37
Answer Stats
Land Score Least similar European Country % Correct
Austria 62.6 Russia
87%
Belgium 59.3 Russia
87%
Denmark 58.5 Russia
87%
Germany 60.8 Russia
87%
Greece 60.6 Russia
87%
Luxembourg 58.9 Russia
87%
Netherlands 57.8 Russia
87%
Portugal 59.4 Russia
87%
Switzerland 59.2 Ukraine
74%
Belarus 53.5 Iceland
70%
Bosnia & Herzegovina 55.7 Iceland
70%
Bulgaria 59.5 Iceland
70%
Croatia 63.3 Iceland
70%
Czech Republic 62.5 Iceland
70%
Hungary 59 Iceland
70%
Lithuania 60.1 Iceland
70%
Montenegro 59.5 Iceland
70%
Moldova 53 Iceland
70%
North Macedonia 56.6 Iceland
70%
Poland 60.1 Iceland
70%
Romania 59.4 Iceland
70%
Russia 56.5 Iceland
70%
Serbia 57.9 Iceland
70%
Slovakia 61.1 Iceland
70%
Slovenia 64.4 Iceland
70%
Ukraine 54.1 Iceland
70%
Estonia 59.9 Albania
61%
Finland 53.2 Albania
61%
Ireland 56.6 Albania
61%
Latvia 62.3 Albania
61%
Sweden 58.8 Albania
61%
United Kingdom 56.7 Albania
61%
Iceland 53 Moldova
59%
Norway 56.8 Moldova
59%
France 63.3 Belarus
56%
Italy 60.3 Belarus
56%
Albania 56.6 Ireland
54%
No matching quizzes found
Score Distribution
Percent of People with Each Score
Percentile by Number Answered
Your Score History
You have not taken this quiz since the last reset